000 00604nam a2200229 i 4500
001 bg
100 1 _aJURGA, Roman.
245 1 0 _aPrzetwórstwo zbóż.
_nCz. 3 /
_cRoman Jurga.
260 _aWarszawa :
_bWydawnictwa Szkolne i Pedagogiczne,
_c1985.
300 _a143, [1] s. :
_bil. ;
_c24 cm.
504 _aBibliogr.
650 9 _aZboże
_xtechnologia
650 9 _aZboże
_xmagazynowanie
655 _aPodręczniki
020 _a8302025143
040 _cBPK
041 0 _apol
080 _a664.6/.7(07)
920 _a83-02-02514-3
942 _cKS
008 s pl f |000 0 pol
999 _c44617
_d44617
856 _uhttp://koha.tu.koszalin.pl/cgi-bin/koha/opac-detail.pl?biblionumber=44617
_yKatalog online BPK